América Latina (Registro nro. 4358)
[ vista simple ]
| 000 -CABECERA | |
|---|---|
| Longitud fija campo de control | 01617nam a2200301Ia 4500 |
| 005 - • FECHA Y HORA DE LA ÚLTIMA TRANSACCIÓN | |
| Fecha y hora de la última transacción | 20220317000541.0 |
| 008 - • CÓDIGOS DE INFORMACIÓN DE LONGITUD FIJA | |
| Códigos de información de longitud fija | 160601s2005 ck a g 000 0 spa |
| 020 ## - • NÚMERO INTERNACIONAL NORMALIZADO PARA LIBROS | |
| Número Internacional Normalizado para Libros (ISBN) | 9586332799 |
| 082 04 - • NÚMERO DE LA CLASIFICACIÓN DECIMAL DEWEY | |
| Número de clasificación (R) | 980.01 |
| Número del ítem | Z17a |
| 040 ## - FUENTE DE LA CATALOGACIÓN | |
| Centro catalogador de origen | CO-BoRNBP |
| Lengua de catalogación | spa |
| Normas de descripción | rda |
| Centro transcriptor | CO-BoRNBP |
| 100 1# - • PUNTO DE ACCESO PRINCIPAL-NOMBRE DE PERSONA | |
| Nombre de persona | Zaragoza Rovira, Gonzalo |
| 245 10 - • TITULO PROPIAMENTE DICHO | |
| Título | América Latina |
| Resto del título | época colonial |
| Mención de responsabilidad, etc. | Gonzalo Zaragoza |
| 250 ## - • MENCIÓN DE EDICIÓN | |
| Mención de edición | 3a. edición |
| 264 ## - PRODUCCIÓN, PUBLICACIÓN , DISTRIBUCIÓN, FABRICACIÓN Y COPYRIGHT | |
| Lugar de producción, publicación, distribución, fabricación | Bogotá |
| Nombre del productor, editor, distribuidor, fabricante | Rei Andes |
| Fecha de de producción, publicación, distribución, fabricación o copyright | 2005 |
| 300 ## - • DESCRIPCIÓN FÍSICA | |
| Extensión | 95 páginas |
| Otras características físicas | ilustraciones |
| Dimensiones | 21 cm |
| 336 ## - TIPO DE CONTENIDO | |
| Término de tipo de contenido | texto |
| Código de tipo de contenido | txt |
| Fuente | rdacontent |
| 337 ## - TIPO DE MEDIO | |
| Nombre del tipo de medio | sin mediación |
| Código del tipo de medio | n |
| Fuente | rdamedia |
| 338 ## - TIPO DE SOPORTE | |
| Nombre del tipo de soporte | volumen |
| Código del tipo de soporte | nc |
| Fuente | rdacarrier |
| 490 ## - • MENCIÓN DE SERIE | |
| Mención de serie | Biblioteca básica de historia |
| 500 ## - • NOTA GENERAL | |
| Nota general | Incluye glosario e índice alfabético |
| 504 ## - • NOTA DE BIBLIOGRAFÍA, ETC | |
| Nota de bibliografía, etc. | Incluye bibliografía |
| 505 ## - • NOTA DE CONTENIDO CON FORMATO | |
| Nota de contenido con formato | Los reinos de indias: un solo rey. Muchas preguntas. Economías locales, minas y comercio trasatlántico. Del rey abajo: funcionarios, colonos e indios. Blancos, indios y negros. Las ciudades, las haciendas y el continente. ¿Comerciantes o contrabandistas?. La iglesia: las órdenes religiosas y la cultura. Un imperio rodeado de fronteras y de rebeliones. Americanos blancos: los criollos. Las reformas borbónicas: muy tarde, muy breves. Brasil: el ciclo del azúcar y el ciclo del oro. La independencia: varias repúblicas, dos imperios. Datos para una historia |
| 651 #4 - • PUNTO DE ACCESO ADICIONAL DE MATERIA - NOMBRE GEOGRÁFICO | |
| Nombre geográfico | América latina |
| Subdivisión de materia general | Historia |
| Subdivisión cronológica | Siglos XVI-XVIII |
| 651 #4 - • PUNTO DE ACCESO ADICIONAL DE MATERIA - NOMBRE GEOGRÁFICO | |
| Nombre geográfico | América latina |
| Subdivisión de materia general | Independencia |
| 651 #4 - • PUNTO DE ACCESO ADICIONAL DE MATERIA - NOMBRE GEOGRÁFICO | |
| Nombre geográfico | América latina |
| Subdivisión de materia general | Política económica |
| Subdivisión cronológica | Siglos XVI-XVII |
| 651 #4 - • PUNTO DE ACCESO ADICIONAL DE MATERIA - NOMBRE GEOGRÁFICO | |
| Nombre geográfico | América latina |
| Subdivisión de materia general | colonización |
| Subdivisión cronológica | Siglos XVI-XVII |
| 942 ## - ENTRADA DE ELEMENTOS AGREGADOS (KOHA) | |
| Fuente de clasificaión o esquema | Dewey Decimal Classification |
| Koha [por defecto] tipo de item | LIbro |
| Perdido | Fuente de clasificación o esquema | Estado Físico | No para préstamo | Forma de adquisición | Localización permanente | Localización actual | Localización en estanterías | Fecha adquisición | Préstamos totales | Signatura completa | Código de barras | Fecha última consulta | Número de copia | Fecha del precio de reemplazo | Tipo de item de Koha |
|---|---|---|---|---|---|---|---|---|---|---|---|---|---|---|---|
| Dewey Decimal Classification | Colección General | Biblioteca Pública Mapiripan | Biblioteca Pública Mapiripan | General | 01/11/2024 | 980.01 Z17a | MAP00001690 | 01/11/2024 | Ej.1 | 01/11/2024 | LIbro | ||||
| Dewey Decimal Classification | Colección General | Biblioteca Pública Puerto Rico | Biblioteca Pública Puerto Rico | General | 04/18/2023 | 980.01Z17a | PR00000994 | 04/18/2023 | Ej.1 | 04/18/2023 | LIbro | ||||
| Dewey Decimal Classification | Colección General | Biblioteca Pública Uribe - Reinerio Arenas | Biblioteca Pública Uribe - Reinerio Arenas | General | 09/24/2024 | 980.01 Z17a | URI01334 | 09/24/2024 | Ej.1 | 09/24/2024 | LIbro |